000 00524nam a2200181Ia 4500
005 20250326140303.0
008 250326s9999 xx 000 0 und d
037 _aTextbook
040 _aFMSL
_beng
_cFMSL
041 _aeng
_2eng
084 _aX:8ogB2893 M8
_qFMSL
100 _aBall Robert
_9282543
245 0 _aManagement techniques & quantitative methods
_cBall Robert
260 _aLondon
_bLondon, Heinemann
_c1988
300 _aix,293
942 _cTB
_hX:8ogB2893 M8
999 _c1285107
_d1285107